<?xml version="1.0" encoding="UTF-8"?>
<record
    xmlns:xsi="http://www.w3.org/2001/XMLSchema-instance"
    xsi:schemaLocation="http://www.loc.gov/MARC21/slim http://www.loc.gov/standards/marcxml/schema/MARC21slim.xsd"
    xmlns="http://www.loc.gov/MARC21/slim">

  <leader>01378nam0a2200337 i 4500</leader>
  <controlfield tag="001">RU\NLR\BIBL_A\011222458</controlfield>
  <controlfield tag="005">20240921190556.0</controlfield>
  <datafield tag="010" ind1=" " ind2=" ">
    <subfield code="a">9785845921192</subfield>
    <subfield code="9">200</subfield>
  </datafield>
  <datafield tag="021" ind1=" " ind2=" ">
    <subfield code="a">RU</subfield>
    <subfield code="b">2016-71109</subfield>
    <subfield code="9">4591</subfield>
  </datafield>
  <datafield tag="035" ind1=" " ind2=" ">
    <subfield code="a">(NLR Aleph) 011222458</subfield>
  </datafield>
  <datafield tag="090" ind1=" " ind2=" ">
    <subfield code="a">12032269</subfield>
    <subfield code="c">12032269</subfield>
  </datafield>
  <datafield tag="100" ind1=" " ind2=" ">
    <subfield code="a">20161003d2016    u  y0rusy50      ca</subfield>
  </datafield>
  <datafield tag="101" ind1="1" ind2=" ">
    <subfield code="a">rus</subfield>
    <subfield code="c">eng</subfield>
  </datafield>
  <datafield tag="102" ind1=" " ind2=" ">
    <subfield code="a">RU</subfield>
  </datafield>
  <datafield tag="105" ind1=" " ind2=" ">
    <subfield code="a">a|||z|||001yy</subfield>
  </datafield>
  <datafield tag="200" ind1="1" ind2=" ">
    <subfield code="a">&#x410;&#x43D;&#x430;&#x43B;&#x438;&#x437; &#x441;&#x438;&#x43B;&#x44C;&#x43D;&#x44B;&#x445; &#x438; &#x441;&#x43B;&#x430;&#x431;&#x44B;&#x445; &#x441;&#x442;&#x43E;&#x440;&#x43E;&#x43D; &#x43A;&#x43E;&#x43C;&#x43F;&#x430;&#x43D;&#x438;&#x438;</subfield>
    <subfield code="e">&#x43E;&#x43F;&#x440;&#x435;&#x434;&#x435;&#x43B;&#x435;&#x43D;&#x438;&#x435; &#x441;&#x442;&#x440;&#x430;&#x442;&#x435;&#x433;&#x438;&#x447;&#x435;&#x441;&#x43A;&#x438;&#x445; &#x432;&#x43E;&#x437;&#x43C;&#x43E;&#x436;&#x43D;&#x43E;&#x441;&#x442;&#x435;&#x439;</subfield>
    <subfield code="f">&#x41F;&#x435;&#x440; &#x414;&#x436;&#x435;&#x43D;&#x441;&#x442;&#x435;&#x440;, &#x414;&#x44D;&#x432;&#x438;&#x434; &#x425;&#x430;&#x441;&#x441;&#x438;</subfield>
    <subfield code="g">[&#x43F;&#x435;&#x440;. &#x441; &#x430;&#x43D;&#x433;&#x43B;. &#x41E;. &#x41B;. &#x41F;&#x435;&#x43B;&#x44F;&#x432;&#x441;&#x43A;&#x43E;&#x433;&#x43E;]</subfield>
  </datafield>
  <datafield tag="210" ind1=" " ind2=" ">
    <subfield code="a">&#x41C;&#x43E;&#x441;&#x43A;&#x432;&#x430; [&#x438; &#x434;&#x440;.]</subfield>
    <subfield code="c">&#x412;&#x438;&#x43B;&#x44C;&#x44F;&#x43C;&#x441;</subfield>
    <subfield code="d">2016</subfield>
  </datafield>
  <datafield tag="215" ind1=" " ind2=" ">
    <subfield code="a">364 &#x441;.</subfield>
    <subfield code="c">&#x438;&#x43B;.</subfield>
    <subfield code="d">24</subfield>
  </datafield>
  <datafield tag="300" ind1=" " ind2=" ">
    <subfield code="a">&#x417;&#x430;&#x433;&#x43B;. &#x438; &#x430;&#x432;&#x442;. &#x43E;&#x440;&#x438;&#x433;.: Company analysis / Per Jenster, David Hussey</subfield>
  </datafield>
  <datafield tag="320" ind1=" " ind2=" ">
    <subfield code="a">&#x411;&#x438;&#x431;&#x43B;&#x438;&#x43E;&#x433;&#x440;. &#x432; &#x43A;&#x43E;&#x43D;&#x446;&#x435; &#x440;&#x430;&#x437;&#x434;&#x435;&#x43B;&#x43E;&#x432;</subfield>
  </datafield>
  <datafield tag="320" ind1=" " ind2=" ">
    <subfield code="a">&#x41F;&#x440;&#x435;&#x434;&#x43C;. &#x443;&#x43A;&#x430;&#x437;.: &#x441;. 359-364</subfield>
  </datafield>
  <datafield tag="454" ind1=" " ind2="0">
    <subfield code="1">2001#$aCompany analysis</subfield>
    <subfield code="1">700#1$aJenster$bP.$gPer</subfield>
    <subfield code="1">701#1$aHussey$bD.$gDavid</subfield>
    <subfield code="t">Company analysis</subfield>
    <subfield code="a">Jenster, Per</subfield>
  </datafield>
  <datafield tag="606" ind1="1" ind2=" ">
    <subfield code="a">&#x424;&#x438;&#x440;&#x43C;&#x44B;</subfield>
    <subfield code="x">&#x42D;&#x43A;&#x43E;&#x43D;&#x43E;&#x43C;&#x438;&#x43A;&#x430;</subfield>
    <subfield code="9">2107839</subfield>
    <subfield code="3">RU\NLR\AUTH\661274140</subfield>
  </datafield>
  <datafield tag="675" ind1=" " ind2=" ">
    <subfield code="a">658</subfield>
  </datafield>
  <datafield tag="686" ind1="1" ind2=" ">
    <subfield code="a">&#x423;29(0)</subfield>
  </datafield>
  <datafield tag="700" ind1=" " ind2="1">
    <subfield code="a">&#x414;&#x436;&#x435;&#x43D;&#x441;&#x442;&#x435;&#x440;</subfield>
    <subfield code="b">&#x41F;.</subfield>
    <subfield code="g">&#x41F;&#x435;&#x440;</subfield>
  </datafield>
  <datafield tag="701" ind1=" " ind2="1">
    <subfield code="a">&#x425;&#x430;&#x441;&#x441;&#x438;</subfield>
    <subfield code="b">&#x414;.</subfield>
    <subfield code="g">&#x414;&#x44D;&#x432;&#x438;&#x434;</subfield>
  </datafield>
  <datafield tag="942" ind1=" " ind2=" ">
    <subfield code="c">BOOK</subfield>
  </datafield>
  <datafield tag="980" ind1=" " ind2=" ">
    <subfield code="a">NBR</subfield>
  </datafield>
</record>
